00550cam a2200193 4500008004100000020001500041035001200056100002400068245004500092250001200137260003500149300002100184440004400205504002100249506002000270650003500290942001200325999001900337050419s1999 mx 000 p spa u a9701830350 aa4455921 aRojas, Juan Armando10aLluvia de lunas /cJuan Armando Lluvias. a1a. ed. aMéxico : bCONACULTA, c1999 a102 p.; c21 cm. 0aFondo Editoral Tierra adentro vno. 188 aIncluye índice aRec. prop. esc. 4aLiteratura Mexicana xSiglo XX 2lccLIB c104196d104196